| 000 | 00350cam a22001097a 4500 | ||
|---|---|---|---|
| 008 | 180718b2010 xxu||||| |||| 00| 0 eng d | ||
| 082 | _aA99 G151/2009-10 | ||
| 100 | _aGandhi smriti and darshan samiti | ||
| 245 | _aAnnual report: 2009-10 (Truth called them differently) | ||
| 260 |
_aNew Delhi _bGandhi smriti and darshan samiti _c2010 |
||
| 300 | _a260p. | ||
| 999 |
_c503719 _d503719 |
||